=LDR 00000nam 2200000 4500 =001 INLIS000000000006962 =005 20200327072155 =035 ##$$a 0010-061300000006962 =008 200327################g##########0#ind## =041 ##$$a Ind =082 ##$$a 2x1.1 =090 ##$$a 297.12, Men m =245 1#$$a Mengungkap rahasia Al-Qur'an, /$c Allamah M.H. Thabathaba'i; penerjemah, A. Malik Madaniy =260 ##$$a Bandung :$b Mizan,$c 1987 =300 ##$$a 151 hlm., ; $c 13 x 21 cm =650 #4$$a Al-Qur'an =700 #$$a Madany, A. Malik =084 ##$$a 2x1.1 THA m =100 1#$$a Thabathaba'i; =250 ##$$a cet.1 =990 ##$$a 29.107/Pro-88 =990 ##$$a 29.108/Pro-88 =990 ##$$a 29.109/Pro-88 =990 ##$$a 29.107/Pro-88 =990 ##$$a 29.108/Pro-88 =990 ##$$a 29.109/Pro-88 =990 ##$$a 29.108/Pro-88 =990 ##$$a 29.107/Pro-88 =990 ##$$a 29.109/Pro-88 =990 ##$$a 29.109/Pro-88 =990 ##$$a 29.107/Pro-88 =990 ##$$a 29.108/Pro-88